UBT Library

Die kostenrechnung im spannungsfeld internationaler entwicklungen : (Record no. 253)

000 -LEADER
fixed length control field 00711nam a22001817a 4500
008 - FIXED-LENGTH DATA ELEMENTS--GENERAL INFORMATION
fixed length control field 131111b xxu||||| |||| 00| 0 ger d
020 ## - INTERNATIONAL STANDARD BOOK NUMBER
International Standard Book Number 385428456X
041 0# - LANGUAGE CODE
Language code of text/sound track or separate title ger
080 ## - UNIVERSAL DECIMAL CLASSIFICATION NUMBER
Universal Decimal Classification number 330.34
100 1# - Rafti
Rafti Messner, Stepahnie
245 10 - TITLE STATEMENT
Title Die kostenrechnung im spannungsfeld internationaler entwicklungen :
Statement of responsibility, etc Stephanie Messner
260 ## -
-- Wien :
-- Faclutas ;
-- 2003.
300 ## -
-- 386 f. :
-- 24 cm.
490 ## -
-- "Forschungsergebnisse der wirtschaftsuniversitat Wien"
505 ## -
-- Literaturverzeichnis : f. 365-385
650 ## -
-- Financa ndërkombëtare
942 ## - ADDED ENTRY ELEMENTS (KOHA)
Source of classification or shelving scheme
Item type Books
Holdings
Withdrawn status Lost status Source of classification or shelving scheme Damaged status Not for loan Collection code Permanent location Current location Shelving location Date acquired Total Checkouts Full call number Barcode Date last seen Price effective from Koha item type
          Koleksioni i përgjithshem UBT - Prishtine UBT - Prishtine Koleksioni i përgjithshem 11/11/2013   330.34 MES 001-000295 11/11/2013 11/11/2013 Books
UBT Library © 2015-2024. All rights reserved University Education for Business and Technology